| Tag |
First Indicator |
Second Indicator |
Subfields |
| LEADER |
00000cam a2200000 i 4500 |
| 001 |
in00004576539 |
| 003 |
OCoLC |
| 005 |
20220922151409.4 |
| 008 |
211122t20222022enk b 001 0 eng d |
| 010 |
|
|
|a 2021951163
|
| 040 |
|
|
|a DLC
|e rda
|c DLC
|
| 020 |
|
|
|a 9780192893352
|q (hardcover)
|
| 020 |
|
|
|a 0192893351
|q (hardcover)
|
| 035 |
|
|
|a (OCoLC)1273674175
|
| 050 |
0 |
0 |
|a PA3245
|b .J39 2022
|
| 082 |
0 |
0 |
|a 880.9/260901
|2 23
|
| 100 |
1 |
|
|a Jazdzewska, Katarzyna,
|e author.
|
| 245 |
1 |
0 |
|a Greek dialogue in antiquity :
|b post-Platonic transformations /
|c Katarzyna Jażdżewska.
|
| 250 |
|
|
|a First edition.
|
| 264 |
|
1 |
|a Oxford ;
|a New York :
|b Oxford University Press,
|c [2022].
|
| 264 |
|
4 |
|c ©2022.
|
| 300 |
|
|
|a xiv, 296 pages ;
|c 24 cm.
|
| 336 |
|
|
|a text
|b txt
|2 rdacontent
|
| 337 |
|
|
|a unmediated
|b n
|2 rdamedia
|
| 338 |
|
|
|a volume
|b nc
|2 rdacarrier
|
| 504 |
|
|
|a Includes bibliographical references (pages [247]-271) and indexes.
|
| 650 |
|
0 |
|a Dialogues, Greek
|x History and criticism.
|
| 945 |
|
|
|b 310881
|
| 947 |
|
|
|a A14851688284
|
| 948 |
|
|
|a dmitchel 9/22/22 10.10.10
|
| 980 |
|
|
|b print
|c 40031112543
|f NONFIC/B
|g 565714
|k USD
|m 81.00
|q 1
|s AcqMono Conventional
|t Approval plan
|u Vendor order reference number
|v ZYBP
|y Print approval
|z Physical resource
|
| 999 |
f |
f |
|i 169d349b-c974-4375-ae2e-f4bd45a6745b
|s 0f888ac6-0e2b-41ba-8f16-def16e616759
|t 0
|
| 952 |
f |
f |
|p normal
|a Texas A&M University
|b College Station
|c Sterling C. Evans Library
|s Evans stk
|d Evans: Library Stacks
|t 0
|e PA3245 .J39 2022
|h Library of Congress classification
|i unmediated -- volume
|m A14851688284
|